000 00762nam a2200205 a 4500
001 BRCA_5061
005 20190320204925.0
008 081110s1837----gw-#######---#000-0#ger-#
041 _ager
044 _agw
084 _aF1211
_b.M49 1837
245 1 0 _aMexicanische zustände aus den Jahren 1830 bis 1832. Vom verfasser der ´Briefe in die heimath, geschrieben zwischen october 1829 und märz 1830, während einer reise über Frankreich, England und die Vereinigten Staaten von Nordamerica nach Mexico …´.
260 _aStuttgart : Augsburgo
_bCotta
_c1837
300 _a2 v.
_c21 cm.
500 _aEstado físico : algunas hojas presentan manchas
500 _aD150
651 4 _aMéxico
_xDescripción y viajes
_9103
902 _aGFM
942 _2lcc
_cB
999 _c4755
_d4755